League of Legends (LoL) - Mid-Season Invitational (MSI) Champions - Statistics

General Stats
  • This quiz has been taken 472 times
    96 since last reset
  • The average score is 32 of 43
Answer Stats
Answer % Correct
G2 Esports
97%
Gen.G
96%
SK Telecom T1
96%
Faker
94%
Chovy
92%
JD Gaming
92%
Royal Never Give Up
92%
Ruler
92%
Wolf
91%
Bang
90%
Jankos
90%
Caps
88%
Perkz
87%
Canyon
86%
Kiin
86%
Wunder
86%
Mikyx
84%
knight
82%
Lehends
82%
Peyz
82%
369
81%
EDward Gaming
81%
Kanavi
79%
Uzi
79%
Duro
77%
Xiaohu
77%
Duke
71%
GALA
71%
Peanut
71%
MISSING
66%
Meiko
65%
Bin
64%
Deft
62%
Huni
58%
Ming
58%
Wei
55%
Blank
51%
Clearlove
45%
PawN
44%
Karsa
42%
Letme
38%
Cryin
36%
Koro1
29%
No matching quizzes found
Score Distribution
Percent of People with Each Score
Percentile by Number Answered
Your Score History
You have not taken this quiz since the last reset